000
00332nam a2200133Ia 4500
008
240624s9999 xx 000 0 und d
041
_a
eng
082
_a
300.72 PAU
100
_a
PAULUS TRENA M
245
_a
DIGITAL TOOLS FOR QUALITATIVE RESEARCH
260
_c
2014
_a
London
_b
Sage
300
_a
208 p,: 23 cm.
365
_c
BPS
_b
38
999
_c
31090
_d
31090